Quick Pick: 'I' and 'J' Beverages Quiz Stats

 Plays Quiz Updated Feb 15, 2019

Score 0/12 Timer 01:00
2 Plays Today
% Correct
Irish Coffee
98%
Jack Daniel's
97.7%
J├Ągermeister
94.1%
Jim Beam
94%
Jungle Juice
93.5%
IPA
81.7%
Irish Mist
74.8%
Icehouse
74.7%
John Collins
66.9%
Irish Car Bomb
65.3%
JW Dundee's
46.3%
Jumbie
37.5%

Today's Daily Dose

You're not logged in!

Compare scores with friends on all Sporcle quizzes.
OR
Log In

Show Comments

Extras

Top Quizzes Today


Score Distribution

Your Account Isn't Verified!

In order to create a playlist on Sporcle, you need to verify the email address you used during registration. Go to your Sporcle Settings to finish the process.

Report this User

Report this user for behavior that violates our Community Guidelines.

Details: